[Event "14th Moscow Open A 2018"]
[Site "Moscow RUS"]
[Date "2018.01.28"]
[EventDate "?"]
[Round "2.19"]
[Result "1/2-1/2"]
[White "D Gukesh"]
[Black "Vladimir Zakhartsov"]
[WhiteElo "2354"]
[BlackElo "2472"]
[PlyCount "80"]

1. Nf3 c5 2. g3 Nc6 3. Bg2 g6 4. O-O Bg7 5. e4 e5 6. d3 Nge7 7. c3 O-O 8. a3 d5 9. b4 c4 10. exd5 Qxd5 11. Nd4 exd4 12. Bxd5 Nxd5 13. dxc4 Nxc3 14. Nxc3 dxc3 15. Be3 Be6 16. c5 Rad8 17. Qe2 Ne5 18. Bf4 Bc4 19. Qe4 Rd4 20. Qxb7 Bd5 21. Qxa7 Nf3+ 22. Kg2 c2 23. Rac1 Re8 24. Rxc2 Ne1+ 25. Kg1 Nxc2 26. Qa4 Re2 27. Qb5 Rde4 28. c6 Bc4 29. Qb8+ Bf8 30. c7 Ne1 31. Qxf8+ Kxf8 32. c8=Q+ Kg7 33. Be5+ f6 34. Rxe1 Rxe1+ 35. Kg2 Bf1+ 36. Kf3 Be2+ 37. Kg2 Bf1+ 38. Kf3 Be2+ 39. Kg2 Bf1+ 40. Kf3 Be2+ 1/2-1/2

[Event "14th Moscow Open A 2018"]
[Site "Moscow RUS"]
[Date "2018.01.29"]
[EventDate "?"]
[Round "3.22"]
[Result "1/2-1/2"]
[White "Vitaly Shinkevich"]
[Black "D Gukesh"]
[WhiteElo "2454"]
[BlackElo "2354"]
[PlyCount "74"]

1. d4 d5 2. c4 c6 3. Nf3 Nf6 4. Nc3 e6 5. g3 dxc4 6. Bg2 b5 7. Ne5 a6 8. a4 Bb7 9. O-O Be7 10. axb5 axb5 11. Rxa8 Bxa8 12. Nxb5 cxb5 13. Bxa8 O-O 14. Bf3 Nd5 15. b3 c3 16. Qd3 b4 17. e4 Nf6 18. Be3 Nfd7 19. Nxd7 Qxd7 20. e5 Rd8 21. Be4 g6 22. Rd1 Qc8 23. Ra1 Nd7 24. Qb5 Qc7 25. h4 Nb6 26. Qa5 Qb8 27. Qa7 Qxa7 28. Rxa7 Rd7 29. Rxd7 Nxd7 30. Kf1 Nb6 31. Ke2 h5 32. Kd3 Kg7 33. Bc1 Kg8 34. Be3 Kg7 35. Bc1 Kg8 36. Be3 Kg7 37. Bc1 Kg8 1/2-1/2

[Event "14th Moscow Open A 2018"]
[Site "Moscow RUS"]
[Date "2018.01.30"]
[EventDate "?"]
[Round "4.25"]
[Result "1/2-1/2"]
[White "Vasily Usmanov"]
[Black "D Gukesh"]
[WhiteElo "2472"]
[BlackElo "2354"]
[PlyCount "94"]

1. d4 d5 2. c4 c6 3. cxd5 cxd5 4. Nf3 Nf6 5. Nc3 Nc6 6. Bf4 Bf5 7. e3 e6 8. Qb3 Bb4 9. Ne5 Qb6 10. Nxc6 bxc6 11. Be2 Ne4 12. f3 Nxc3 13. bxc3 Be7 14. c4 dxc4 15. Bxc4 Qa5+ 16. Kf2 O-O 17. g4 Bh4+ 18. Ke2 Bg6 19. Bd6 Rfe8 20. Qb4 Qxb4 21. Bxb4 Rab8 22. Bc3 Bf6 23. Rac1 c5 24. Bb3 cxd4 25. Bxd4 Bxd4 26. exd4 Rb4 27. Ke3 a5 28. Rc5 a4 29. Bc4 Rb2 30. Ra5 Bc2 31. Rc1 g6 32. Rb5 a3 33. Ra5 Rc8 34. Bb3 Rc3+ 35. Kf4 Rb1 36. Rxb1 Bxb1 37. Rxa3 Rd3 38. Ra7 Rxd4+ 39. Kg5 Kf8 40. f4 h6+ 41. Kxh6 Rxf4 42. Ra8+ Ke7 43. g5 Be4 44. Rc8 f6 45. gxf6+ Rxf6 46. Rc7+ Kd6 47. Ra7 Ke5 1/2-1/2

[Event "14th Moscow Open A 2018"]
[Site "Moscow RUS"]
[Date "2018.01.31"]
[EventDate "?"]
[Round "5.26"]
[Result "1-0"]
[White "D Gukesh"]
[Black "Ilia Iljiushenok"]
[WhiteElo "2354"]
[BlackElo "2512"]
[PlyCount "58"]

1. Nf3 Nf6 2. g3 g6 3. Bg2 Bg7 4. O-O O-O 5. d4 d6 6. b3 c5 7. Bb2 cxd4 8. Nxd4 d5 9. c4 dxc4 10. bxc4 a6 11. Qb3 Qc7 12. Nc3 Nc6 13. Nxc6 bxc6 14. Na4 Rb8 15. Qa3 Qa5 16. Bc3 Qh5 17. Qxe7 Bg4 18. Rfe1 Rfe8 19. Qd6 Rbd8 20. Qxc6 Bd7 21. Qxa6 Ng4 22. h3 Nxf2 23. Kxf2 Bxh3 24. Qb7 Rd7 25. Qc6 Rde7 26. e3 Qf5+ 27. Kg1 Rxe3 28. Qa8 Bf8 29. Bb4 1-0

[Event "14th Moscow Open A 2018"]
[Site "Moscow RUS"]
[Date "2018.02.01"]
[EventDate "?"]
[Round "6.20"]
[Result "1/2-1/2"]
[White "Semen Khanin"]
[Black "D Gukesh"]
[WhiteElo "2458"]
[BlackElo "2354"]
[PlyCount "80"]

1. e4 c6 2. d4 d5 3. Nd2 dxe4 4. Nxe4 Nf6 5. Nxf6+ exf6 6. c3 Bf5 7. Bc4 Bd6 8. Ne2 O-O 9. O-O Nd7 10. Ng3 Bxg3 11. hxg3 Nb6 12. Bb3 Qd7 13. c4 Rfe8 14. Be3 Rad8 15. Qd2 Nc8 16. Qa5 b6 17. Qa6 Nd6 18. Rfe1 Qb7 19. Qxb7 Nxb7 20. Ba4 Bd7 21. Rac1 b5 22. cxb5 cxb5 23. Bb3 Na5 24. Bd5 Be6 25. Bxe6 fxe6 26. Rc7 Nc4 27. Rxa7 Ra8 28. Rb7 Nxb2 29. Rc1 Reb8 30. Rxb8+ Rxb8 31. Rc6 Nc4 32. Rxe6 Ra8 33. d5 Rd8 34. Kf1 Rxd5 35. Ke2 Kf7 36. Rc6 Rd7 37. Rc5 Ra7 38. Rxb5 Rxa2+ 39. Kd3 Ne5+ 40. Ke4 Ng4 1/2-1/2

[Event "14th Moscow Open A 2018"]
[Site "Moscow RUS"]
[Date "2018.02.02"]
[EventDate "?"]
[Round "7.21"]
[Result "1/2-1/2"]
[White "D Gukesh"]
[Black "Saveliy Golubov"]
[WhiteElo "2354"]
[BlackElo "2484"]
[PlyCount "80"]

1. Nf3 Nf6 2. g3 g6 3. Bg2 Bg7 4. O-O O-O 5. d4 d6 6. b3 c6 7. Bb2 Qa5 8. Nbd2 Qh5 9. Ne1 Bh3 10. Nd3 Bxg2 11. Kxg2 Nbd7 12. e4 Qa5 13. e5 Nd5 14. c4 Nc7 15. exd6 exd6 16. Ne4 Ne8 17. Qd2 Qxd2 18. Nxd2 Nc7 19. Rae1 Rfd8 20. Ba3 d5 21. Be7 Rdc8 22. Bd6 Ne8 23. Be5 dxc4 24. Nxc4 Rd8 25. Bxg7 Nxg7 26. Nd6 Nf6 27. Nxb7 Rxd4 28. Ne5 Rd2 29. Nxc6 Rxa2 30. Ra1 Rc2 31. Rfc1 Rb2 32. Rxa7 Rxa7 33. Nxa7 Nf5 34. Nc5 Ng4 35. Ne4 Ne5 36. Nc6 Nxc6 37. Rxc6 Rxb3 38. Nd6 Ne7 39. Rc7 Kf8 40. Rd7 1/2-1/2

[Event "14th Moscow Open A 2018"]
[Site "Moscow RUS"]
[Date "2018.02.03"]
[EventDate "?"]
[Round "8.15"]
[Result "0-1"]
[White "Dmitry Frolyanov"]
[Black "D Gukesh"]
[WhiteElo "2567"]
[BlackElo "2354"]
[PlyCount "80"]

1. e4 c6 2. d4 d5 3. e5 Bf5 4. Nf3 e6 5. Be2 Ne7 6. O-O Ng6 7. Be3 Nd7 8. Ne1 h5 9. h3 h4 10. Nd2 f6 11. exf6 Qxf6 12. Nd3 Bd6 13. Nf3 Bxd3 14. Bxd3 Nf4 15. Bxf4 Bxf4 16. c4 O-O-O 17. Qb3 g5 18. cxd5 exd5 19. Qc2 Rhf8 20. b4 Bc7 21. b5 Qd6 22. Bf5 Rxf5 23. Qxf5 Rf8 24. Qxg5 Rxf3 25. Rfe1 Rf8 26. bxc6 bxc6 27. Kf1 Qa3 28. Qg6 Qb2 29. f3 Qb5+ 30. Kg1 Qb6 31. Rad1 Be5 32. Kh1 Bc7 33. Re7 Rd8 34. Rc1 c5 35. Re6 Qb2 36. Rb1 Qxd4 37. Re8 Qf6 38. Qg8 Qd6 39. Rxd8+ Bxd8 40. Re1 Nf6 0-1

[Event "14th Moscow Open A 2018"]
[Site "Moscow RUS"]
[Date "2018.02.04"]
[EventDate "?"]
[Round "9.15"]
[Result "0-1"]
[White "D Gukesh"]
[Black "Javokhir Sindarov"]
[WhiteElo "2354"]
[BlackElo "2429"]
[PlyCount "62"]

1. Nf3 g6 2. g3 Bg7 3. d4 c5 4. d5 Nf6 5. Bg2 d6 6. O-O b5 7. a4 b4 8. Re1 O-O 9. e4 Nbd7 10. Nbd2 a5 11. Nc4 Ba6 12. Nfd2 Qc7 13. f4 Rad8 14. e5 dxe5 15. fxe5 Nxd5 16. Bxd5 Nxe5 17. Ne3 c4 18. Qe2 e6 19. Bxc4 Nxc4 20. Ndxc4 Rc8 21. Qf2 Bxc4 22. Ng4 f5 23. Ne3 Ba6 24. Ng2 Qxc2 25. Qxc2 Rxc2 26. Rxe6 Bb7 27. Ne3 Bd4 28. Kf1 Rxh2 29. Rd6 Bc5 30. Rd7 Ba6+ 31. Ke1 Bxe3 0-1

[Event "Aeroflot Open B 2018"]
[Site "Moscow RUS"]
[Date "2018.02.20"]
[EventDate "?"]
[Round "1.17"]
[Result "1/2-1/2"]
[White "D Gukesh"]
[Black "Vladimir Seliverstov"]
[WhiteElo "2320"]
[BlackElo "2464"]
[PlyCount "86"]

1. Nf3 d5 2. g3 Bg4 3. Bg2 c6 4. O-O Nd7 5. d3 e6 6. e4 Bd6 7. Nbd2 Ne7 8. b3  O-O 9. Bb2 Bh5 10. a3 e5 11. d4 exd4 12. exd5 cxd5 13. Bxd4 Nc6 14. Bb2 Nde5 15.  Ra2 Qf6 16. h3 Rfe8 17. g4 Bg6 18. Nxe5 Bxe5 19. Bxe5 Qxe5 20. Nf3 Qc3 21. Qxd5  Bxc2 22. Qd2 Qxd2 23. Nxd2 Nd4 24. Bxb7 Rab8 25. Ba6 Bxb3 26. Nxb3 Rxb3 27. Rd1  Ne6 28. Bc4 Rxh3 29. Bxe6 fxe6 30. Rd7 Rf3 31. Kg2 Rf7 32. Rad2 Kf8 33. R7d6 Rf4  34. Kg3 Rc4 35. R2d3 Rc7 36. Ra6 Rce7 37. Rf3+ Kg8 38. Re3 e5 39. Ra5 Kf7 40.  Re4 h6 41. f3 g6 42. Rea4 Ra8 43. Re4 1/2-1/2

[Event "Aeroflot Open B 2018"]
[Site "Moscow RUS"]
[Date "2018.02.21"]
[EventDate "?"]
[Round "2.30"]
[Result "1-0"]
[White "Marat Dzhumaev"]
[Black "D Gukesh"]
[WhiteElo "2439"]
[BlackElo "2320"]
[PlyCount "80"]

1. e4 c6 2. d4 d5 3. Nc3 dxe4 4. Nxe4 Nf6 5. Nxf6+ exf6 6. c3 Bf5 7. Ne2 Bd6 8.  Ng3 Bg6 9. Be2 O-O 10. O-O Bxg3 11. hxg3 Nd7 12. c4 Re8 13. Be3 Be4 14. Qb3 b6  15. Rfd1 Qc8 16. Rd2 Qb7 17. d5 cxd5 18. cxd5 a6 19. Rad1 Rac8 20. Bf1 b5 21. a4  Rb8 22. axb5 axb5 23. Qb4 Bf5 24. g4 Bg6 25. d6 Be4 26. Rc1 Rbc8 27. Rdd1 Bc6  28. Rc3 Ne5 29. Rdc1 Bd7 30. Rc7 Rxc7 31. dxc7 Nxg4 32. Qd6 Qc8 33. Bf4 Ne5 34.  Rd1 Bg4 35. Rd4 Nc4 36. Qc6 Ne5 37. Bxe5 fxe5 38. Rxg4 Re7 39. Qf6 Qxg4 40. Qxe7 1-0

[Event "Aeroflot Open B 2018"]
[Site "Moscow RUS"]
[Date "2018.02.22"]
[EventDate "?"]
[Round "3.54"]
[Result "0-1"]
[White "D Gukesh"]
[Black "Kaiyu Ning"]
[WhiteElo "2320"]
[BlackElo "2157"]
[PlyCount "120"]

1. e4 e6 2. d3 d5 3. Qe2 Nc6 4. Nf3 e5 5. exd5 Qxd5 6. Nc3 Bb4 7. Bd2 Bxc3 8.  Bxc3 Bg4 9. Qe4 Bxf3 10. Qxf3 Qxf3 11. gxf3 f6 12. Rg1 Kf7 13. O-O-O Rd8 14. Bd2  g5 15. c3 Nge7 16. Rg4 Nf5 17. Rc4 a5 18. Rc5 Ng7 19. a4 Ne6 20. Rc4 Ne7 21. Kc2  Nd5 22. Be3 Rhe8 23. Bh3 Kg6 24. Re4 Nef4 25. Bf1 f5 26. Rc4 Ne6 27. Re1 Kf6 28.  h4 f4 29. hxg5+ Nxg5 30. Bc1 Nxf3 31. Rd1 Rg8 32. Rc5 b6 33. Rc6+ Rd6 34. Rxd6+  cxd6 35. d4 Rg1 36. dxe5+ dxe5 37. Bd3 Nd4+ 38. Kd2 Nb3+ 39. Kc2 Rxd1 40. Kxd1  h5 41. Be4 Ne7 42. Kc2 Nc5 43. Bf3 Kg5 44. b4 axb4 45. cxb4 Nxa4 46. Kb3 b5 47.  Be2 Nb6 48. Bxb5 Kg4 49. Be2+ f3 50. Bf1 h4 51. Bb2 Ng6 52. Bd3 h3 53. Bxg6 h2  54. Bxe5 h1=Q 55. Bc2 Qe1 56. Bd4 Qe6+ 57. Kb2 Nc4+ 58. Kc3 Nd6 59. Bd3 Qd5 60.  Be3 Ne4+ 0-1

[Event "Aeroflot Open B 2018"]
[Site "Moscow RUS"]
[Date "2018.02.23"]
[EventDate "?"]
[Round "4.59"]
[Result "1-0"]
[White "Chinmay Kulkarni"]
[Black "D Gukesh"]
[WhiteElo "2215"]
[BlackElo "2320"]
[PlyCount "60"]

1. e4 c5 2. Nf3 Nc6 3. d4 cxd4 4. Nxd4 g6 5. Nxc6 bxc6 6. Nc3 Bg7 7. Bc4 d6 8.  O-O Nf6 9. Bb3 O-O 10. h3 Bb7 11. Be3 d5 12. exd5 cxd5 13. Bd4 e6 14. Re1 Nd7  15. Bxg7 Kxg7 16. Qd2 Qf6 17. Rad1 Rfc8 18. Qe3 Bc6 19. Ne2 Qxb2 20. Nd4 Kg8 21.  c4 Bb7 22. Nxe6 Re8 23. cxd5 fxe6 24. dxe6 Nb6 25. Rd7 Ba6 26. Qf4 Kh8 27. Rd4  h5 28. Qh6+ Kg8 29. Qxg6+ Kh8 30. Qxh5+ 1-0

[Event "Aeroflot Open B 2018"]
[Site "Moscow RUS"]
[Date "2018.02.24"]
[EventDate "?"]
[Round "5.60"]
[Result "1-0"]
[White "D Gukesh"]
[Black "Oleg Zilbert"]
[WhiteElo "2320"]
[BlackElo "2192"]
[PlyCount "78"]

1. Nf3 g6 2. g3 c5 3. c3 Bg7 4. d4 Na6 5. Bg2 Nf6 6. O-O d6 7. Re1 Bf5 8. a3 O-O  9. b4 Qc8 10. Bb2 Rd8 11. Nbd2 e5 12. e4 Bg4 13. dxe5 dxe5 14. Qe2 Ne8 15. Nc4  Nd6 16. Ne3 Be6 17. Ng5 Bb3 18. b5 Nc7 19. c4 h6 20. Bh3 f5 21. Nf3 Qe6 22. exf5  gxf5 23. Rec1 Ba4 24. Nh4 Rf8 25. Qh5 a6 26. Nhxf5 Nxf5 27. Nxf5 Qf6 28. f4 Rae8  29. Bxe5 Rxe5 30. fxe5 Qg5 31. Qxg5 hxg5 32. Nxg7 Kxg7 33. b6 Ne8 34. Bg2 Rf7  35. Rf1 Re7 36. Rf5 Kh6 37. Raf1 Re6 38. Rf7 Rxb6 39. Be4 1-0

[Event "Aeroflot Open B 2018"]
[Site "Moscow RUS"]
[Date "2018.02.25"]
[EventDate "?"]
[Round "6.52"]
[Result "0-1"]
[White "M Mahalakshmi"]
[Black "D Gukesh"]
[WhiteElo "2252"]
[BlackElo "2320"]
[PlyCount "90"]

1. d4 Nf6 2. c4 g6 3. g3 Bg7 4. Bg2 O-O 5. Nf3 c6 6. Nc3 d6 7. O-O Bg4 8. Re1  Nbd7 9. h3 Bxf3 10. Bxf3 Qc7 11. Be3 Nb6 12. Qb3 Rfd8 13. Red1 d5 14. Bf4 Qc8  15. c5 Nbd7 16. Qc2 Re8 17. g4 e5 18. dxe5 Nxe5 19. Bg2 h5 20. g5 Nfd7 21. Na4  Nf8 22. h4 Qg4 23. Bg3 Ne6 24. e3 d4 25. Re1 dxe3 26. Rxe3 Nd4 27. Qd1 Nf5 28.  Re4 Qxd1+ 29. Rxd1 Ng4 30. Rd7 Rxe4 31. Bxe4 Nxg3 32. fxg3 Re8 33. Bd3 Ne5 34.  Rd6 Bf8 35. Bc2 Bxd6 36. cxd6 Rd8 37. Nc5 Rxd6 38. Nxb7 Rd2 39. Bb3 Rxb2 40. Nc5  Kf8 41. Kf1 Ke7 42. Ne4 Nf3 43. Nc5 Nd2+ 44. Ke1 Nxb3 45. axb3 Rc2 0-1

[Event "Aeroflot Open B 2018"]
[Site "Moscow RUS"]
[Date "2018.02.26"]
[EventDate "?"]
[Round "7.45"]
[Result "1-0"]
[White "D Gukesh"]
[Black "Volodar Murzin"]
[WhiteElo "2320"]
[BlackElo "2282"]
[PlyCount "86"]

1. Nf3 Nf6 2. g3 g6 3. Bg2 Bg7 4. O-O O-O 5. d4 d6 6. b3 e5 7. dxe5 dxe5 8. Ba3  Re8 9. Qxd8 Rxd8 10. Nc3 Nc6 11. Ng5 Bf5 12. Bxc6 bxc6 13. e4 Bc8 14. Kg2 h6 15.  Nf3 Be6 16. Rad1 Nd7 17. Ne1 Bf8 18. Bxf8 Kxf8 19. Nd3 Rab8 20. Na4 Ke7 21. Rd2  h5 22. h4 Rg8 23. a3 a5 24. f4 f6 25. Nac5 Nxc5 26. Nxc5 exf4 27. gxf4 Bg4 28.  a4 Rgd8 29. Rff2 Rd6 30. Kf1 Rb4 31. Ke1 Rb6 32. Rd3 Rb4 33. Rfd2 f5 34. c3  Rxe4+ 35. Nxe4 fxe4 36. Rd4 Bf5 37. b4 c5 38. Rxd6 cxd6 39. bxa5 Bc8 40. Kf2 Ke6  41. Ke3 d5 42. Rb2 Kf5 43. Rb5 1-0

[Event "Aeroflot Open B 2018"]
[Site "Moscow RUS"]
[Date "2018.02.27"]
[EventDate "?"]
[Round "8.30"]
[Result "0-1"]
[White "Rahul Srivatshav P"]
[Black "D Gukesh"]
[WhiteElo "2408"]
[BlackElo "2320"]
[PlyCount "88"]

1. d4 Nf6 2. c4 g6 3. Nc3 Bg7 4. e4 d6 5. Be2 O-O 6. Nf3 Na6 7. O-O c6 8. h3 e5  9. d5 Nh5 10. Nh2 Nf4 11. Bf3 cxd5 12. cxd5 Bd7 13. Be3 f5 14. Qd2 Nxh3+ 15.  gxh3 f4 16. Bxa7 Rxa7 17. Rfc1 Bxh3 18. Nb5 Ra8 19. Rc3 Rf7 20. Rac1 Bf8 21. a4  Qh4 22. Qe2 g5 23. Bh5 Rg7 24. Rxh3 Qxh3 25. Rc3 Qh4 26. Bg4 Qh6 27. Rh3 Qf6 28.  Be6+ Kh8 29. Ng4 Qe7 30. Nh6 g4 31. Rh1 Qf6 32. Nxg4 Qg5 33. Bf5 Nc5 34. Kg2  Rxa4 35. Nc3 Rd4 36. Kf1 Nb3 37. Ke1 f3 38. Qe3 Qxe3+ 39. fxe3 Rd2 40. Rf1 h5  41. Rh1 Rg5 42. Rh3 Kg7 43. Nh2 Rg1+ 44. Nf1 f2# 0-1

[Event "Aeroflot Open B 2018"]
[Site "Moscow RUS"]
[Date "2018.02.28"]
[EventDate "?"]
[Round "9.24"]
[Result "1/2-1/2"]
[White "D Gukesh"]
[Black "Daria Voit"]
[WhiteElo "2320"]
[BlackElo "2390"]
[PlyCount "118"]

1. Nf3 Nf6 2. g3 g6 3. Bg2 Bg7 4. O-O O-O 5. d4 d5 6. c4 c6 7. cxd5 cxd5 8. Nc3  e6 9. Bg5 h6 10. Bf4 Nc6 11. Rc1 g5 12. Be3 Ng4 13. Bd2 Bd7 14. e4 Nf6 15. e5  Ne4 16. Be3 Nxc3 17. Rxc3 f5 18. exf6 Qxf6 19. Rd3 Be8 20. h4 Bh5 21. hxg5 hxg5  22. Bxg5 Bxf3 23. Qd2 Qg6 24. Bxf3 Bxd4 25. Bg2 Bb6 26. Be3 Ne5 27. Rb3 Nc4 28.  Qd3 Qxd3 29. Rxd3 Nxe3 30. fxe3 Rac8 31. Bh3 Rxf1+ 32. Kxf1 Kf7 33. Ke2 Kf6 34.  Bg2 Ke5 35. Bf3 Ba5 36. Kd1 Rh8 37. Rb3 Rh3 38. Rxb7 Bb6 39. Re7 Rxg3 40. Ke2  Rg1 41. Kf2 Rg8 42. Ke2 Rh8 43. Bg4 Rh6 44. b4 Kd6 45. Re8 e5 46. a4 e4 47. Rf8  Rg6 48. Rf4 a5 49. bxa5 Bxa5 50. Kf2 Bc3 51. Be2 Rh6 52. Rg4 Bd2 53. Bf1 Rf6+  54. Rf4 Rxf4+ 55. exf4 d4 56. Bg2 Kd5 57. f5 d3 58. f6 Ke6 59. Bxe4 1/2-1/2

[Event "34th Cappelle Open 2018"]
[Site "Cappelle la Grande FRA"]
[Date "2018.03.05"]
[EventDate "?"]
[Round "4.10"]
[Result "1/2-1/2"]
[White "D Gukesh"]
[Black "Momchil Nikolov"]
[WhiteElo "2360"]
[BlackElo "2532"]
[PlyCount "72"]

1. Nf3 Nf6 2. g3 c5 3. Bg2 Nc6 4. O-O e5 5. e4 d6 6. Re1 g6 7. c3 Bg7 8. a3 O-O  9. b4 a6 10. d3 Re8 11. Nbd2 h6 12. Nb3 b6 13. Nfd2 Be6 14. Nf1 cxb4 15. axb4 d5  16. Bd2 dxe4 17. dxe4 a5 18. bxa5 Nxa5 19. Nxa5 bxa5 20. c4 Bxc4 21. Bxa5 Qxd1  22. Rexd1 Bb3 23. Re1 Nd7 24. Ne3 Nc5 25. Bc3 Ne6 26. Rxa8 Rxa8 27. Rb1 Ba2 28.  Ra1 Nc5 29. Bf1 Nxe4 30. Bg2 f5 31. Bxe4 fxe4 32. Nc4 Ra4 33. Bxe5 Rxc4 34. Bxg7  Kxg7 35. Rxa2 Kf6 36. Kg2 h5 1/2-1/2

[Event "34th Cappelle Open 2018"]
[Site "Cappelle la Grande FRA"]
[Date "2018.03.08"]
[EventDate "?"]
[Round "7.3"]
[Result "1-0"]
[White "D Gukesh"]
[Black "Santos Latasa, Jaime"]
[WhiteElo "2360"]
[BlackElo "2549"]
[PlyCount "68"]

1. Nf3 g6 2. g3 Bg7 3. d4 c5 4. c3 cxd4 5. cxd4 d5 6. Bg2 Nc6 7. Nc3 e6 8. O-O  Nge7 9. e3 O-O 10. b3 b6 11. Qd2 Ba6 12. Rd1 Qd7 13. Ba3 Bb7 14. Rac1 Rfd8 15.  Rc2 Nf5 16. Rdc1 Rac8 17. Ne1 Bh6 18. f4 Bg7 19. Nf3 h5 20. Bf1 Qe8 21. Bb5 Bf8  22. Bxf8 Kxf8 23. Bxc6 Bxc6 24. Qf2 Kg7 25. h3 Nd6 26. g4 hxg4 27. hxg4 Bb5 28.  Qh4 Qd7 29. Ne5 Qb7 30. f5 exf5 31. Nxb5 Nxb5 32. gxf5 Rxc2 33. f6+ Kg8 34. Rxc2 1-0

[Event "34th Cappelle Open 2018"]
[Site "Cappelle la Grande FRA"]
[Date "2018.03.09"]
[EventDate "?"]
[Round "8.3"]
[Result "1-0"]
[White "D Gukesh"]
[Black "Valeriy Grinev"]
[WhiteElo "2360"]
[BlackElo "2406"]
[PlyCount "72"]

1. Nf3 c5 2. g3 Nc6 3. Bg2 g6 4. O-O Bg7 5. c3 e5 6. e4 Nge7 7. a3 O-O 8. d3 d5  9. b4 b6 10. Bb2 d4 11. cxd4 cxd4 12. Nbd2 f6 13. Qb3+ Kh8 14. a4 Qd6 15. Ba3  Be6 16. b5 Qd7 17. bxc6 Nxc6 18. Qb5 Rfc8 19. Rfc1 Bh6 20. Rc2 Na5 21. Rac1 Rxc2  22. Rxc2 Qxb5 23. axb5 Bd7 24. Be7 Bg7 25. Rb2 Rc8 26. Bb4 Nb7 27. Ra2 Bxb5 28.  Rxa7 Nd8 29. Bh3 Nc6 30. Rb7 Ra8 31. Rxb6 Nxb4 32. Rxb5 Nxd3 33. Bf1 Nc1 34. Rb1  Na2 35. Ra1 Ra4 36. Bb5 1-0

[Event "34th Cappelle Open 2018"]
[Site "Cappelle la Grande FRA"]
[Date "2018.03.10"]
[EventDate "?"]
[Round "9.1"]
[Result "1-0"]
[White "Christian Bauer"]
[Black "D Gukesh"]
[WhiteElo "2628"]
[BlackElo "2360"]
[PlyCount "94"]

1. d4 d5 2. Bf4 Nf6 3. e3 e6 4. Nd2 c5 5. c3 Nc6 6. Ngf3 Bd6 7. Bg3 O-O 8. Bb5  Ne7 9. Bd3 cxd4 10. exd4 Ng6 11. Ne5 Qc7 12. Qe2 Nd7 13. Bxg6 hxg6 14. Nxg6 Re8  15. Bxd6 Qxd6 16. Ne5 Nf8 17. Qh5 Qe7 18. O-O f6 19. Ng6 Nxg6 20. Qxg6 Qf7 21.  Qg3 Bd7 22. Rfe1 Re7 23. Re3 Rae8 24. Rae1 Bc6 25. Nf3 Qh5 26. Qf4 Qf7 27. Qg4  Bd7 28. Ne5 fxe5 29. Rf3 e4 30. Rxf7 Rxf7 31. Re3 e5 32. Qg3 exd4 33. cxd4 Rc8  34. Rc3 Rcf8 35. Rc7 Bc6 36. h4 a6 37. h5 Rxc7 38. Qxc7 Re8 39. g4 e3 40. fxe3  Re4 41. g5 Kh7 42. Kf2 Rg4 43. Qe7 Re4 44. Qf7 Be8 45. Qxd5 Rh4 46. Qf5+ Kg8 47.  g6 1-0

[Event "Kolkata Open"]
[Site "Kolkata IND"]
[Date "2018.05.17"]
[EventDate "2018.05.14"]
[Round "4.7"]
[Result "0-1"]
[White "Chithambaram V R Aravindh"]
[Black "D Gukesh"]
[WhiteElo "2597"]
[BlackElo "2426"]
[PlyCount "114"]

1. c4 c6 2. Nf3 d5 3. g3 Nf6 4. Bg2 g6 5. O-O Bg7 6. d4 dxc4
7. a4 O-O 8. Na3 a5 9. Nxc4 Be6 10. b3 Na6 11. Ba3 Nb4 12. Rc1
Na2 13. Ra1 Nb4 14. e3 Bd5 15. Rc1 Na2 16. Ra1 Nb4 17. Qe2 b5
18. Nce5 Qb6 19. Rac1 Bxb3 20. Bxb4 axb4 21. Rxc6 Qa5 22. axb5
Ba4 23. Nd2 Bxb5 24. Ndc4 Qa4 25. Qd2 Rab8 26. Rc7 b3 27. Qc3
Ne8 28. Rc5 Nd6 29. Ra1 Bxc4 30. Rxc4 Qb5 31. Rc5 Qb4 32. Nc6
Qxc3 33. Nxe7+ Kh8 34. Rxc3 b2 35. Rb1 Rb5 36. Rc2 Rfb8
37. Nc6 R8b6 38. Na7 Ra5 39. Rcxb2 Rxb2 40. Rxb2 Bxd4 41. Rb8+
Kg7 42. Nc6 Ra1+ 43. Bf1 Bf6 44. Rb4 Rc1 45. Nd4 h5 46. h4 Rd1
47. Nf3 Ra1 48. Kg2 Ra2 49. Bd3 Ra3 50. Bb1 Rc3 51. Rb6 Nc4
52. Rb7 Rc1 53. Ng1 Ne5 54. Nh3 Rd1 55. Nf4 Rd2 56. Be4 Ng4
57. Bd5 Nxe3+ 0-1

[Event "Kolkata Open"]
[Site "Kolkata IND"]
[Date "2018.05.18"]
[EventDate "2018.05.14"]
[Round "5.7"]
[Result "1/2-1/2"]
[White "D Gukesh"]
[Black "Prasanna Vasanthan Vishnu"]
[WhiteElo "2426"]
[BlackElo "2532"]
[PlyCount "64"]

1. Nf3 d5 2. g3 c5 3. Bg2 g6 4. c3 Nc6 5. d4 cxd4 6. cxd4 Bg7
7. Nc3 e6 8. O-O Nge7 9. b3 O-O 10. e3 b6 11. Bb2 Ba6 12. Re1
Rc8 13. Rc1 Nf5 14. Bf1 Bxf1 15. Kxf1 Qd7 16. Re2 Rfd8 17. Rd2
Nd6 18. Ne1 Ne4 19. Re2 e5 20. dxe5 Nxe5 21. Kg1 Qb7 22. Nb5
Rxc1 23. Qxc1 Rc8 24. Rc2 Rc5 25. Nd4 Nc6 26. Nxc6 Qxc6
27. Bxg7 Kxg7 28. Qb2+ Kg8 29. f3 Nd6 30. Kf2 h5 31. Rd2 Nf5
32. e4 Ne7 1/2-1/2

[Event "Kolkata Open"]
[Site "Kolkata IND"]
[Date "2018.05.19"]
[EventDate "2018.05.14"]
[Round "6.8"]
[Result "1-0"]
[White "Vladimir Burmakin"]
[Black "D Gukesh"]
[WhiteElo "2528"]
[BlackElo "2426"]
[PlyCount "171"]

1. Nf3 Nf6 2. g3 d5 3. Bg2 g6 4. c4 c6 5. b3 Bg7 6. Bb2 O-O
7. O-O Bg4 8. h3 Bxf3 9. Bxf3 d4 10. e3 e5 11. exd4 exd4
12. d3 a5 13. Bg2 Nfd7 14. Re1 Na6 15. Nd2 Ne5 16. Nf3 Nxf3+
17. Qxf3 Qb6 18. Ba3 Nb4 19. Re2 Rfe8 20. Rae1 Rxe2 21. Qxe2
a4 22. bxa4 Bf8 23. Qb2 Bc5 24. Bxb4 Qxb4 25. Qxb4 Bxb4
26. Rb1 Rxa4 27. a3 Bxa3 28. Rxb7 Ra6 29. Rc7 c5 30. Bd5 Rf6
31. g4 h5 32. g5 Rf4 33. Be4 h4 34. Kg2 Bb4 35. f3 Kf8 36. Kf2
f6 37. Rc6 Kf7 38. Rc7+ Kf8 39. Rc6 Kf7 40. Bd5+ Kg7 41. Rc7+
Kh8 42. Be4 fxg5 43. Rc6 Rf7 44. Rxg6 Bd2 45. Ke2 Be3 46. Kd1
Ra7 47. Kc2 Ra2+ 48. Kb3 Rh2 49. Bf5 Rf2 50. Be4 Rh2 51. Bf5
Rf2 52. Rc6 Rxf3 53. Rxc5 Kg7 54. Rc7+ Kf6 55. Bg4 Rf1
56. Rc6+ Ke7 57. c5 Rc1 58. Kb4 Bf4 59. Re6+ Kd8 60. Kb5 Rc3
61. Bf5 g4 62. Re4 Be3 63. Rxg4 Bf2 64. Kc6 Ke7 65. Rg6 Bg3
66. Re6+ Kf7 67. Kd5 Rc1 68. Re4 Kf6 69. Bg4 Kg7 70. Rxd4 Bf2
71. Rc4 Rxc4 72. Kxc4 Kf6 73. d4 Be3 74. d5 Ke5 75. Bf3 Bg5
76. d6 Bd8 77. Kb5 Bg5 78. Kb6 Ke6 79. Kc6 Bd2 80. Bg4+ Ke5
81. d7 Ba5 82. Kb7 Kd5 83. c6 Kd6 84. Bf3 Ke7 85. Kc8 Kd6
86. d8=Q+ 1-0

[Event "Kolkata Open"]
[Site "Kolkata IND"]
[Date "2018.05.20"]
[EventDate "2018.05.14"]
[Round "7.20"]
[Result "0-1"]
[White "D Gukesh"]
[Black "Phuoc Tam Nguyen"]
[WhiteElo "2426"]
[BlackElo "2210"]
[PlyCount "76"]

1. e4 g6 2. d4 Bg7 3. Nc3 d6 4. Be3 a6 5. h4 h5 6. Nf3 b5
7. Ng5 Bb7 8. a4 b4 9. Nd5 Bxd5 10. exd5 Nf6 11. Bd3 Qc8
12. Rh3 Nbd7 13. Ne6 fxe6 14. Bxg6+ Kd8 15. dxe6 Nf8 16. Bf5
Qb7 17. Qd3 Qd5 18. c4 bxc3 19. bxc3 Bh6 20. Kf1 Bxe3 21. fxe3
Rg8 22. e4 Qb3 23. Qf3 Rb8 24. e5 Nd5 25. Kg1 Ne3 26. Rg3 Rxg3
27. Qxg3 Qxc3 28. Re1 Rb3 29. Bh3 Kc8 30. exd6 cxd6 31. Qf2
Ng6 32. Qe2 Kb8 33. g3 Qxd4 34. Kh1 Ne5 35. Bg2 Nxg2 36. Qxg2
Rb2 37. Qe4 Qxe4+ 38. Rxe4 Nf3 0-1

[Event "29th Czech Open A 2018"]
[Site "Pardubice CZE"]
[Date "2018.07.20"]
[EventDate "?"]
[Round "1.57"]
[Result "1-0"]
[White "D Gukesh"]
[Black "Alexey Kukelko"]
[WhiteElo "2433"]
[BlackElo "2196"]
[PlyCount "70"]

1. Nf3 d5 2. g3 Nc6 3. d4 Bf5 4. Bg2 Nb4 5. Na3 e6 6. c3 Nc6 7. Qb3 Rb8 8. Bf4 Bd6 9. Ne5 Nge7 10. Nb5 Bxe5 11. dxe5 a6 12. Nd4 Nxd4 13. cxd4 Nc6 14. Qc3 O-O 15. f3 Bg6 16. h4 h5 17. O-O-O Qd7 18. e4 Rfd8 19. Bg5 Rdc8 20. g4 a5 21. a3 Ra8 22. Qe3 Kh7 23. f4 dxe4 24. d5 Nd8 25. Bxe4 hxg4 26. h5 Bf5 27. Bxf5+ exf5 28. h6 g6 29. Qc3 Ne6 30. dxe6 Qxe6 31. Qd3 Ra6 32. Qd5 Qe8 33. Qd7 Qf8 34. Qe7 Qg8 35. Rd7 1-0